Normal view
MARC view
- Kale,C.M
Entry Personal Name
001 - CONTROL NUMBER
- control field: 672
003 - CONTROL NUMBER IDENTIFIER
- control field: OSt
005 - DATE AND TIME OF LATEST TRANSACTION
- control field: 20160629141509.0
008 - FIXED-LENGTH DATA ELEMENTS
- fixed length control field: 160629|| aca||aabn | a|a d
040 ## - CATALOGING SOURCE
- Original cataloging agency: OSt
- Transcribing agency: OSt
100 ## - HEADING--PERSONAL NAME
- Personal name: Kale,C.M
670 ## - SOURCE DATA FOUND
- Source citation: Work cat.: (OSt): Shah,M.G 671, Principles of Buiding Drawing, 2011
